00546nam a22001457a 4500003000400000005001700004008004100021040001100062041001200073100006100085245009700146260006800243650003200311856005700343OSt20260408150348.0260408b |||||||| |||| 00| 0 eng d cMRSPTU aEnglish aKarampreet Sharma, Supervisor: Dr. Kawaljit Singh Sandhu aA Review on Drinking Water Pollutants: Methods for Identification and Remediation Techniques bDepartment of Food Science & Technology, MRSPTU, Bathindac2020 aFood Science and Technology uhttp://163.47.215.52:8080/jspui/handle/123456789/476